[Event "Titled Tuesday intern op 28th Nov Early"]
[Site "Chess.com INT"]
[Date "2023.11.28"]
[Round "2"]
[White "Salinas Tomas, Daniel"]
[Black "Mirza, Diana"]
[Result "1-0"]
[WhiteElo "2281"]
[BlackElo "1897"]
[PlyCount "56"]
[EventDate "2023.11.28"]
[EventType "swiss (blitz)"]
[EventRounds "11"]
[EventCountry "USA"]
[SourceTitle "EXT 2025"]
[Source "ChessBase"]
[SourceDate "2024.10.14"]
[SourceVersion "1"]
[SourceVersionDate "2024.10.14"]
[SourceQuality "1"]

1. e4 c5 2. Nf3 e6 3. d4 cxd4 4. Nxd4 a6 5. c4 Qc7 6. Nc3 Nf6 7. Be2 Bb4 8. Nc2 Bxc3+ 9. bxc3 Nxe4 10. Qd4 Nf6 11. Bf4 Qd8 12. Bd6 Nc6 13. Qd3 Ne7 14. 0-0 0-0 15. Rfd1 Re8 16. Rab1 Nf5 17. Ba3 d5 18. Bf3 Qc7 19. cxd5 Rd8 20. c4 b5 21. d6 Nxd6 22. Bxd6 Qb6 23. Bxa8 Ne8 24. c5 Qa7 25. Bc6 Bd7 26. Bxd7 Rxd7 27. Qf3 Nxd6 28. Rxd6 Rxd6 1-0

[Event "Titled Tuesday intern op 21st Nov Early"]
[Site "Chess.com INT"]
[Date "2023.11.21"]
[Round "1"]
[White "Salinas Tomas, Daniel"]
[Black "Syaputra, Arifa Rizki"]
[Result "0-1"]
[WhiteElo "2281"]
[BlackElo "2239"]
[PlyCount "116"]
[EventDate "2023.11.21"]
[EventType "swiss (blitz)"]
[EventRounds "11"]
[EventCountry "USA"]
[SourceTitle "EXT 2025"]
[Source "ChessBase"]
[SourceDate "2024.10.14"]
[SourceVersion "1"]
[SourceVersionDate "2024.10.14"]
[SourceQuality "1"]

1. e4 c5 2. Nf3 Nc6 3. d4 cxd4 4. Nxd4 g6 5. c4 Bg7 6. Be3 Nf6 7. Nc3 0-0 8. Be2 d6 9. 0-0 Nxd4 10. Bxd4 Be6 11. h3 Rc8 12. b3 a6 13. Qd2 Qa5 14. Rfd1 Rfe8 15. Nd5 Qxd2 16. Nxf6+ Bxf6 17. Rxd2 Bxd4 18. Rxd4 Rc5 19. f4 Rec8 20. Kf2 f6 21. a4 a5 22. g4 R8c6 23. Rd3 Rb6 24. Rad1 Rb4 25. Re3 Bf7 26. Rd4 h6 27. h4 g5 28. hxg5 hxg5 29. f5 Rb6 30. Rd1 Re5 31. Rh1 Kg7 32. Bd1 Rc6 33. Bc2 Rc8 34. Reh3 Rg8 35. Rh7+ Kf8 36. Bd3 Ke8 37. Rh8 Kf8 38. Ke3 Rc5 39. Kd4 Rxh8 40. Rxh8+ Bg8 41. Rh2 Kg7 42. Rb2 Rc6 43. b4 axb4 44. Rxb4 Rc7 45. Rb6 Kf8 46. a5 Bf7 47. Rb5 Be8 48. Rb6 Bc6 49. Rb4 Ke8 50. Rb6 Kd7 51. Bc2 Rc8 52. Bb3 Kc7 53. Kc3 Ra8 54. Kb4 Bxe4 55. Bd1 Bc6 56. Be2 Rh8 57. Kc3 Rh3+ 58. Bd3 Be4 0-1

[Event "Titled Tuesday intern op 14th Nov Early"]
[Site "Chess.com INT"]
[Date "2023.11.14"]
[Round "4"]
[White "Salinas Tomas, Daniel"]
[Black "Godzwon, Iwo"]
[Result "1-0"]
[WhiteElo "2281"]
[BlackElo "2415"]
[PlyCount "33"]
[EventDate "2023.11.14"]
[EventType "swiss (blitz)"]
[EventRounds "11"]
[EventCountry "USA"]
[SourceTitle "CBM 217 Extra"]
[Source "ChessBase"]
[SourceDate "2024.01.31"]
[SourceVersion "1"]
[SourceVersionDate "2024.01.31"]
[SourceQuality "1"]

1. Nf3 b6 2. e4 Bb7 3. Nc3 c5 4. d4 cxd4 5. Nxd4 Nc6 6. Be3 g6 7. Nxc6 dxc6 8. Bd4 f6 9. Bc4 e5 10. Be3 Bb4 11. Qf3 Qe7 12. 0-0-0 h5 13. Qg3 g5 14. Qf3 Nh6 15. Qxh5+ Kf8 16. Qg6 Nf7 17. Qxf7+ 1-0

[Event "Titled Tuesday intern op 24th Oct Early"]
[Site "Chess.com INT"]
[Date "2023.10.24"]
[Round "2"]
[White "Chandra, Vania Vindy"]
[Black "Salinas Tomas, Daniel"]
[Result "1-0"]
[WhiteElo "1794"]
[BlackElo "2214"]
[PlyCount "87"]
[EventDate "2023.10.24"]
[EventType "swiss (blitz)"]
[EventRounds "11"]
[EventCountry "USA"]
[SourceTitle "EXT 2025"]
[Source "ChessBase"]
[SourceDate "2024.10.14"]
[SourceVersion "1"]
[SourceVersionDate "2024.10.14"]
[SourceQuality "1"]

1. d4 Nf6 2. c4 e6 3. a3 d5 4. Nc3 Be7 5. Bf4 0-0 6. e3 b6 7. cxd5 exd5 8. Nf3 Bb7 9. Bd3 Nbd7 10. 0-0 Ne4 11. Rc1 a6 12. Bxc7 Qe8 13. Ne5 Rc8 14. Bxe4 dxe4 15. Nxd7 Qxd7 16. Bxb6 Bd6 17. Ne2 Bxh2+ 18. Kxh2 Qd6+ 19. Kg1 Qxb6 20. b4 f5 21. Rc5 Rce8 22. Qb3+ Kh8 23. Rfc1 Rf6 24. d5 Rh6 25. Nd4 Rh5 26. Ne6 Qd6 27. Nf4 Rh4 28. Rc7 Qh6 29. Nh3 Ba8 30. Qc3 Qg6 31. Kf1 h6 32. Rc8 Bxd5 33. Rxe8+ Qxe8 34. Qd4 Qb5+ 35. Kg1 Be6 36. Rc5 Qe8 37. Re5 Kh7 38. Qd6 Qa4 39. Qxe6 Qd1+ 40. Kh2 Qg4 41. Qxf5+ Qxf5 42. Rxf5 g6 43. Rf7+ Kg8 44. Re7 1-0